مأساة يونيو1967: (Record no. 15744)
[ view plain ]
| 000 -الفاتح | |
|---|---|
| حقل البيانات ثابتة الطول | 00689nam a22001577a 4500 |
| 008 - عناصر البيانات ثابتة الطول - معلومات عامة | |
| حقل البيانات ثابتة الطول | 110727t1975 xxu||||g |||| 000 0 ara d |
| 082 ## - رقم تصنيف ديوى العشرى | |
| رقم الطبعة | 22 |
| رقم التصنيف | 341.5 |
| رقم المادة | ع ق ا |
| 100 ## - المدخل الرئيسى - إسم شخصى | |
| 9 (RLIN) | 26443 |
| الإسم الشخصى | العقاد،صلاح |
| 245 ## - بيان العنوان | |
| العنوان | مأساة يونيو1967: |
| بقية العنوان | حقائق و تحاليل/ |
| بيان المسئوليه,etc | صلاح العقاد |
| 260 ## - PUBLICATION, DISTRIBUTION, ETC. (IMPRINT) | |
| مكان الناشر او الموزع | [القاهرة]: |
| اسم الناشر او الموزع | مكتبة الأنجلو المصرية،1975 |
| تاريخ النشر أو التوزيع | 1975. |
| 300 ## - الوصف المادى | |
| التعداد | 327 ص، |
| أبعاد الوعاء | 24.سم |
| 650 ## - المدخل الاضافى بالموضوع-مصطلح موضوعى | |
| 9 (RLIN) | 16857 |
| مصطلح موضوعي أو اسم جغرافي كعنصر مدخل | النزاع العربى الإسرائيلى |
| التقسيم الفرعي الجغرافي | |
| 653 ## - مصطلح تكشيفى غير مقيد | |
| Resource For college | |
| Arrived date list | July2011 |
| 942 ## - عناصر المدخل الإضافي( كوها) | |
| مصدر التصنيف او مخطط الترفيف | Dewey Decimal Classification |
| Koha [default] item type | Book - Borrowing |
| حالة التراجع | حالة الفقد | مصدر التصنيف او خطة الترفيف | حالة تلف | ليس للاعارة | مجموعات كوها | المكان الدائم | المكان الحالي | موقع الترفيف | تاريخ الاكتساب | Source of acquisition | رقم الاستدعاء | الباركود | Date last seen | نوع الوعاء |
|---|---|---|---|---|---|---|---|---|---|---|---|---|---|---|
| Dewey Decimal Classification | Central Library | Central Library | First floor | 27/07/2011 | Donation | 341.5 ع ق ا | 000024460 | 15/07/2025 | Book - Borrowing |